| 000 | 00417 a2200133 4500 | ||
|---|---|---|---|
| 001 | ART_9875 | ||
| 005 | 20260410161653.0 | ||
| 008 | 260409a | ||
| 245 | 1 | 0 | _aCinco imperativos para revitalizar la reestructuración |
| 100 | 1 | _aCordon, Carlos | |
| 700 | 1 | _aVollmann, Thomas E. | |
| 700 | 1 | _aVandenbosch, Marianne | |
| 773 | 0 |
_tHarvard Deusto Business Review _g- Nº 83 (mar./abr. 1998) _wREV521 |
|
| 999 |
_c14452 _d14452 |
||